Погрузочные и транспортирующие устройства проходческих машин; Прогрессивные технологии и экономика в машиностроении; Т. 1

Dades bibliogràfiques
Parent link:Прогрессивные технологии и экономика в машиностроении: сборник трудов VII Всероссийской научно-практической конференции для студентов и учащейся молодежи, г. Юрга, 7-9 апреля 2016 г./ Национальный исследовательский Томский политехнический университет (ТПУ), Юргинский технологический институт (ЮТИ) ; под ред. Д. А. Чинахова.— , 2016
Т. 1.— 2016.— [С. 304-306]
Autor principal: Литвиненко В. В.
Autor corporatiu: Национальный исследовательский Томский политехнический университет (ТПУ) Юргинский технологический институт (филиал) (ЮТИ) Кафедра горно-шахтного оборудования (ГШО)
Altres autors: Коперчук А. В. Александр Викторович (научный руководитель)
Sumari:Заглавие с титульного экрана
Idioma:rus
Publicat: 2016
Col·lecció:Новые технологии и разработки в области горного дела и добычи полезных ископаемых
Matèries:
Accés en línia:http://earchive.tpu.ru/handle/11683/26422
Format: MixedMaterials Electrònic Capítol de llibre
KOHA link:https://koha.lib.tpu.ru/cgi-bin/koha/opac-detail.pl?biblionumber=618346

MARC

LEADER 00000naa2a2200000 4500
001 618346
005 20231102023729.0
035 |a (RuTPU)RU\TPU\conf\16728 
035 |a RU\TPU\conf\16727 
090 |a 618346 
100 |a 20160601d2016 k y0rusy50 ca 
101 0 |a rus 
102 |a RU 
105 |a y z 101zy 
135 |a drcn ---uucaa 
181 0 |a i  
182 0 |a b 
200 1 |a Погрузочные и транспортирующие устройства проходческих машин  |f В. В. Литвиненко  |g науч. рук. А. В. Коперчук 
203 |a Текст  |c электронный 
225 1 |a Новые технологии и разработки в области горного дела и добычи полезных ископаемых 
230 |a 1 компьютерный файл (pdf; 345 Кb) 
300 |a Заглавие с титульного экрана 
320 |a [Библиогр.: с. 306 (5 назв.)] 
461 1 |0 (RuTPU)RU\TPU\conf\16596  |t Прогрессивные технологии и экономика в машиностроении  |o сборник трудов VII Всероссийской научно-практической конференции для студентов и учащейся молодежи, г. Юрга, 7-9 апреля 2016 г.  |o в 2 т.  |f Национальный исследовательский Томский политехнический университет (ТПУ), Юргинский технологический институт (ЮТИ) ; под ред. Д. А. Чинахова  |d 2016 
463 1 |0 (RuTPU)RU\TPU\conf\16598  |t Т. 1  |v [С. 304-306]  |d 2016 
610 1 |a труды учёных ТПУ 
610 1 |a электронный ресурс 
610 1 |a транспортирующие устройства 
610 1 |a проходческие машины 
610 1 |a проходческие щиты 
610 1 |a микротоннелирование 
610 1 |a трубопроводы 
700 1 |a Литвиненко  |b В. В. 
702 1 |a Коперчук  |b А. В.  |c горный инженер  |c доцент Юргинского технологического института (филиала) Томского политехнического университета, кандидат технических наук  |f 1974-   |g Александр Викторович  |2 stltpush  |4 727  |9 12742 
712 0 2 |a Национальный исследовательский Томский политехнический университет (ТПУ)  |b Юргинский технологический институт (филиал) (ЮТИ)  |b Кафедра горно-шахтного оборудования (ГШО)  |h 2088  |2 stltpush  |3 (RuTPU)RU\TPU\col\18984 
801 2 |a RU  |b 63413507  |c 20160629  |g RCR 
856 4 |u http://earchive.tpu.ru/handle/11683/26422 
942 |c BK